[Event "LSS WC-2012-T-00005"]
[Site "LSS email"]
[Date "2010.12.19"]
[Round "?"]
[White "Gildred, Terrence L Nick"]
[Black "Godat, Terry"]
[Result "1/2-1/2"]
[WhiteElo "2300"]
[BlackElo "2356"]
[PlyCount "60"]
[EventDate "2010.12.18"]
[EventType "tourn (corr)"]
[EventRounds "10"]
[EventCountry "GER"]
[SourceTitle "Telechess CBM 153"]
[Source "ChessBase"]
[SourceDate "2013.03.14"]
[SourceVersion "1"]
[SourceVersionDate "2013.03.14"]
[SourceQuality "1"]

1. d4 Nf6 2. c4 e6 3. Nf3 d5 4. Nc3 c6 5. e3 Nbd7 6. Bd3 dxc4 7. Bxc4 b5 8. Be2 Bb7 9. 0-0 Be7 10. e4 b4 11. e5 bxc3 12. exf6 Bxf6 13. bxc3 c5 14. dxc5 0-0 15. Ba3 Be7 16. Rb1 Bd5 17. c4 Be4 18. Bd3 Bxd3 19. Qxd3 Nxc5 20. Qxd8 Rfxd8 21. Rfc1 Rac8 22. Kf1 Rd7 23. Ke2 f6 24. Bxc5 Bxc5 25. Rb5 e5 26. Rc2 Kf7 27. Nd2 a6 28. Ra5 Rc6 29. g3 Be7 30. Rb2 Bd6 1/2-1/2

[Event "LSS WC-2012-T-00005"]
[Site "LSS email"]
[Date "2010.12.19"]
[Round "?"]
[White "Godat, Terry"]
[Black "Kireev, Sergey Ivanovich"]
[Result "1/2-1/2"]
[WhiteElo "2356"]
[BlackElo "2312"]
[PlyCount "39"]
[EventDate "2010.12.18"]
[EventType "tourn (corr)"]
[EventRounds "10"]
[EventCountry "GER"]
[SourceTitle "Telechess CBM 153"]
[Source "ChessBase"]
[SourceDate "2013.03.14"]
[SourceVersion "1"]
[SourceVersionDate "2013.03.14"]
[SourceQuality "1"]

1. d4 d5 2. c4 c6 3. Nf3 Nf6 4. e3 e6 5. b3 c5 6. cxd5 exd5 7. Bb2 cxd4 8. Nxd4 Nc6 9. Be2 Bd6 10. 0-0 0-0 11. Nc3 Re8 12. Rc1 Nxd4 13. Qxd4 Be5 14. Qd2 d4 15. exd4 Qxd4 16. Qxd4 Bxd4 17. Bf3 Rb8 18. Rfd1 Be5 19. h3 Bf5 20. Na4 1/2-1/2

[Event "LSS WC-2012-T-00005"]
[Site "LSS email"]
[Date "2010.12.19"]
[Round "?"]
[White "Kovacs, Arthur"]
[Black "Godat, Terry"]
[Result "1/2-1/2"]
[WhiteElo "2443"]
[BlackElo "2356"]
[PlyCount "43"]
[EventDate "2010.12.18"]
[EventType "tourn (corr)"]
[EventRounds "10"]
[EventCountry "GER"]
[SourceTitle "Telechess CBM 153"]
[Source "ChessBase"]
[SourceDate "2013.03.14"]
[SourceVersion "1"]
[SourceVersionDate "2013.03.14"]
[SourceQuality "1"]

1. d4 Nf6 2. Nf3 d5 3. c4 c6 4. Nc3 e6 5. Bg5 h6 6. Bh4 dxc4 7. e4 g5 8. Bg3 b5 9. Be2 Bb7 10. 0-0 Nbd7 11. Ne5 Bg7 12. Nxd7 Nxd7 13. Bd6 a6 14. a4 e5 15. Bg4 exd4 16. e5 c5 17. Re1 Nxe5 18. Bxe5 0-0 19. Bxg7 Kxg7 20. Ne2 f5 21. Bh5 f4 22. Nxd4 1/2-1/2

[Event "CP-2010-P-00008"]
[Site "LSS email"]
[Date "2010.09.28"]
[Round "?"]
[White "Cabrera Trujillo, Claudio Tomas"]
[Black "Godat, Terry"]
[Result "0-1"]
[WhiteElo "1046"]
[BlackElo "2329"]
[PlyCount "26"]
[EventDate "2010.10.01"]
[EventType "tourn (corr)"]
[EventRounds "6"]
[EventCountry "GER"]
[SourceTitle "Corr 2013"]
[Source "ChessBase"]
[SourceDate "2012.11.12"]
[SourceVersion "1"]
[SourceVersionDate "2012.11.12"]
[SourceQuality "1"]

1. e4 e5 2. Nf3 Nc6 3. Bc4 Nf6 4. d3 Be7 5. 0-0 0-0 6. c3 d5 7. Bb5 dxe4 8. Bxc6 bxc6 9. dxe4 Nxe4 10. Nxe5 Bd6 11. Nc4 Ba6 12. Nxd6 Bxf1 13. Nxe4 Qxd1 0-1

[Event "CP-2010-P-00008"]
[Site "LSS email"]
[Date "2010.09.28"]
[Round "?"]
[White "Godat, Terry"]
[Black "Laureles, Raymundo"]
[Result "1-0"]
[WhiteElo "2323"]
[BlackElo "1137"]
[PlyCount "49"]
[EventDate "2010.10.01"]
[EventType "tourn (corr)"]
[EventRounds "6"]
[EventCountry "GER"]
[SourceTitle "Telechess CBM 143"]
[Source "ChessBase"]
[SourceDate "2011.07.15"]
[SourceVersion "1"]
[SourceVersionDate "2011.07.15"]
[SourceQuality "1"]

1. d4 Nf6 2. c4 e5 3. dxe5 Ne4 4. a3 Qh4 5. g3 Qh5 6. Bg2 Qf5 7. f3 Nc5 8. f4 Be7 9. b4 Ne6 10. e4 Qg6 11. f5 Nc6 12. fxg6 Nxe5 13. gxf7+ Kxf7 14. Nf3 Nxc4 15. 0-0 Ke8 16. Nc3 c6 17. Qd3 a5 18. Qxc4 b5 19. Qe2 axb4 20. Nd5 cxd5 21. exd5 bxa3 22. dxe6 dxe6 23. Ne5 Ba6 24. Qd3 Rd8 25. Bc6+ 1-0

[Event "CP-2010-P-00008"]
[Site "LSS email"]
[Date "2010.09.28"]
[Round "?"]
[White "Morcin, Tom"]
[Black "Godat, Terry"]
[Result "1/2-1/2"]
[WhiteElo "1780"]
[BlackElo "2325"]
[PlyCount "42"]
[EventDate "2010.10.01"]
[EventType "tourn (corr)"]
[EventRounds "6"]
[EventCountry "GER"]
[SourceTitle "Telechess CBM 143"]
[Source "ChessBase"]
[SourceDate "2011.07.15"]
[SourceVersion "1"]
[SourceVersionDate "2011.07.15"]
[SourceQuality "1"]

1. d4 Nf6 2. c4 e6 3. Nc3 Bb4 4. Qc2 0-0 5. a3 Bxc3+ 6. Qxc3 b6 7. Bg5 Bb7 8. f3 h6 9. Bh4 d5 10. e3 Nbd7 11. cxd5 Nxd5 12. Bxd8 Nxc3 13. Bh4 Nd5 14. Bf2 c5 15. e4 Nf4 16. Bb5 Rfd8 17. Ne2 a6 18. Bc4 Ng6 19. Rc1 cxd4 20. Nxd4 Rac8 21. 0-0 Nf4 1/2-1/2

[Event "LSS WC-2013-S-00006"]
[Site "LSS email"]
[Date "2010.07.20"]
[Round "?"]
[White "Godat, Terry"]
[Black "Pavlikov, Andrei Nikolaevich"]
[Result "1-0"]
[WhiteElo "2356"]
[BlackElo "2135"]
[PlyCount "83"]
[EventDate "2010.07.25"]
[EventType "tourn (corr)"]
[EventRounds "10"]
[EventCountry "GER"]
[SourceTitle "Corr 2015"]
[Source "ChessBase"]
[SourceDate "2015.07.17"]
[SourceVersion "1"]
[SourceVersionDate "2015.07.17"]
[SourceQuality "1"]

1. d4 Nf6 2. c4 e5 3. dxe5 Ng4 4. Nf3 Bc5 5. e3 Nc6 6. Nc3 0-0 7. Be2 Re8 8. 0-0 Ncxe5 9. Nxe5 Nxe5 10. b3 a5 11. Na4 Bf8 12. f4 Ng6 13. Qd3 Be7 14. Bb2 d6 15. Rad1 Bf6 16. Bxf6 Qxf6 17. Nc3 Bd7 18. Nd5 Qd8 19. e4 Bc6 20. Qd4 Bxd5 21. cxd5 f5 22. Bd3 fxe4 23. Bxe4 Qf6 24. Qxf6 gxf6 25. Bf5 Re7 26. g3 Kg7 27. Rd4 Rae8 28. Ra4 b6 29. Rc4 h5 30. Rfc1 Re1+ 31. Rxe1 Rxe1+ 32. Kf2 Re7 33. Kf3 Kh6 34. h4 Kg7 35. Re4 Rxe4 36. Kxe4 Ne7 37. Bd7 Kh6 38. Kd4 Kg6 39. Kc4 Nf5 40. Be8+ Kg7 41. Bxh5 Nxg3 42. Bg4 1-0

[Event "LSS WC-2013-S-00006"]
[Site "LSS email"]
[Date "2010.07.20"]
[Round "?"]
[White "Godat, Terry"]
[Black "Podgursky, Artur"]
[Result "1/2-1/2"]
[WhiteElo "2322"]
[BlackElo "2273"]
[PlyCount "42"]
[EventDate "2010.07.25"]
[EventType "tourn (corr)"]
[EventRounds "10"]
[EventCountry "GER"]
[SourceTitle "Telechess CBM 143"]
[Source "ChessBase"]
[SourceDate "2011.07.15"]
[SourceVersion "1"]
[SourceVersionDate "2011.07.15"]
[SourceQuality "1"]

1. d4 Nf6 2. c4 g6 3. g3 c6 4. Nf3 d5 5. b3 Bg7 6. Bg2 0-0 7. 0-0 Bf5 8. Bb2 Qb6 9. Nbd2 a5 10. Ne5 Nbd7 11. Nxd7 Bxd7 12. a4 Bf5 13. Re1 Rfd8 14. e3 Bd3 15. Ba3 e6 16. Rc1 h5 17. h3 Bf8 18. Bxf8 Kxf8 19. Nf3 Be4 20. Ne5 Bxg2 21. Kxg2 Nd7 1/2-1/2

[Event "LSS WC-2013-S-00006"]
[Site "LSS email"]
[Date "2010.07.20"]
[Round "?"]
[White "Putman, Marcel"]
[Black "Godat, Terry"]
[Result "1/2-1/2"]
[WhiteElo "2283"]
[BlackElo "2356"]
[PlyCount "34"]
[EventDate "2010.07.25"]
[EventType "tourn (corr)"]
[EventRounds "10"]
[EventCountry "GER"]
[SourceTitle "Corr 2015"]
[Source "ChessBase"]
[SourceDate "2015.07.17"]
[SourceVersion "1"]
[SourceVersionDate "2015.07.17"]
[SourceQuality "1"]

1. d4 d5 2. c4 c6 3. Nf3 Nf6 4. g3 dxc4 5. Bg2 Nbd7 6. 0-0 Nb6 7. Qc2 g6 8. e4 Bg7 9. Nbd2 0-0 10. a4 a5 11. b3 cxb3 12. Nxb3 Ne8 13. Re1 f5 14. Nc5 fxe4 15. Qxe4 Nc7 16. Qb1 Ncd5 17. Ne5 Nb4 1/2-1/2

[Event "LSS WC-2011-T-00006"]
[Site "LSS email"]
[Date "2010.07.16"]
[Round "?"]
[White "Belanoff, Stuart B"]
[Black "Godat, Terry"]
[Result "1/2-1/2"]
[WhiteElo "2278"]
[BlackElo "2354"]
[PlyCount "57"]
[EventDate "2010.06.15"]
[EventType "tourn (corr)"]
[EventRounds "10"]
[EventCountry "GER"]
[SourceTitle "Telechess CBM 157"]
[Source "ChessBase"]
[SourceDate "2013.11.12"]
[SourceVersion "1"]
[SourceVersionDate "2013.11.12"]
[SourceQuality "1"]

1. d4 d5 2. Nf3 Nf6 3. e3 e6 4. Bd3 c5 5. b3 Nc6 6. 0-0 Bd6 7. Bb2 0-0 8. Nbd2 b6 9. Ne5 Bb7 10. a3 Rc8 11. Qe2 Ne7 12. Rfd1 Ng6 13. g3 Qc7 14. Nef3 Ne4 15. c4 Be7 16. Rac1 Bf6 17. a4 Rfd8 18. cxd5 exd5 19. Ba6 Bxa6 20. Qxa6 Qd7 21. Nxe4 dxe4 22. Nd2 Qg4 23. h3 Qe6 24. Qe2 cxd4 25. Rxc8 Rxc8 26. exd4 e3 27. Qxe3 Qxh3 28. Ne4 Be7 29. Qe2 1/2-1/2

[Event "LSS WC-2011-T-00006"]
[Site "LSS email"]
[Date "2010.06.10"]
[Round "?"]
[White "Ermolaev, Andrey Stanislavovi"]
[Black "Godat, Terry"]
[Result "1/2-1/2"]
[WhiteElo "2382"]
[BlackElo "2354"]
[PlyCount "103"]
[EventDate "2010.06.15"]
[EventType "tourn (corr)"]
[EventRounds "10"]
[EventCountry "GER"]
[SourceTitle "Telechess CBM 157"]
[Source "ChessBase"]
[SourceDate "2013.11.12"]
[SourceVersion "1"]
[SourceVersionDate "2013.11.12"]
[SourceQuality "1"]

1. e4 e5 2. Nf3 Nc6 3. Bb5 a6 4. Ba4 Nf6 5. 0-0 Be7 6. Re1 b5 7. Bb3 0-0 8. h3 d6 9. c3 Na5 10. Bc2 c5 11. d4 Qc7 12. Nbd2 Bd7 13. Nf1 Nc4 14. Qe2 Rfe8 15. b3 Nb6 16. dxe5 dxe5 17. c4 Nh5 18. Ne3 Nf4 19. Qd1 Rab8 20. Nd5 Nbxd5 21. exd5 Bf8 22. Ng5 g6 23. Qf3 bxc4 24. bxc4 Rb6 25. Bd2 h6 26. Ne4 f5 27. Ng3 Qd6 28. h4 Be7 29. h5 Bg5 30. Rab1 Rxb1 31. Rxb1 e4 32. Qd1 Bh4 33. Rb3 Bxg3 34. Rxg3 Nxh5 35. Qxh5 Qxg3 36. Qxh6 Qe5 37. Qxg6+ Qg7 38. Qd6 Re7 39. Kh2 Rf7 40. Bh6 Qf6 41. Qxf6 Rxf6 42. Be3 Rf8 43. Kg3 Rb8 44. Bxc5 Rc8 45. Be3 Rxc4 46. Bb3 Rc8 47. Kf4 a5 48. Ke5 Kf7 49. d6+ Kg6 50. Bd5 a4 51. Ba7 Kg5 52. Be3+ 1/2-1/2

[Event "LSS WC-2011-T-00006"]
[Site "LSS email"]
[Date "2010.06.10"]
[Round "?"]
[White "Godat, Terry"]
[Black "Staroske, Uwe"]
[Result "1-0"]
[WhiteElo "2354"]
[BlackElo "2332"]
[PlyCount "67"]
[EventDate "2010.06.15"]
[EventType "tourn (corr)"]
[EventRounds "10"]
[EventCountry "GER"]
[SourceTitle "Telechess CBM 157"]
[Source "ChessBase"]
[SourceDate "2013.11.12"]
[SourceVersion "1"]
[SourceVersionDate "2013.11.12"]
[SourceQuality "1"]

1. d4 Nf6 2. c4 g6 3. g3 Bg7 4. Bg2 d5 5. cxd5 Nxd5 6. Nf3 Nb6 7. Nc3 Nc6 8. e3 0-0 9. 0-0 Re8 10. Re1 e5 11. d5 Na5 12. e4 c6 13. b3 cxd5 14. exd5 Bg4 15. Ba3 e4 16. Nxe4 Re5 17. d6 Rd5 18. Qc1 Rc8 19. Qf4 Bxf3 20. Qxf3 Bxa1 21. Rxa1 f5 22. Qf4 Nc6 23. Ng5 Rd4 24. Qe3 Rxd6 25. Re1 Qf6 26. Bxd6 Qxd6 27. h4 f4 28. gxf4 Rf8 29. h5 gxh5 30. Qh3 Nd4 31. Re4 Qf6 32. Qxh5 h6 33. Rxd4 Qxd4 34. Qg6+ 1-0

[Event "LSS WC-2011-T-00006"]
[Site "LSS email"]
[Date "2010.06.10"]
[Round "?"]
[White "Szczepanski, Zbigniew"]
[Black "Godat, Terry"]
[Result "1/2-1/2"]
[WhiteElo "2461"]
[BlackElo "2354"]
[PlyCount "48"]
[EventDate "2010.06.15"]
[EventType "tourn (corr)"]
[EventRounds "10"]
[EventCountry "GER"]
[SourceTitle "Telechess CBM 157"]
[Source "ChessBase"]
[SourceDate "2013.11.12"]
[SourceVersion "1"]
[SourceVersionDate "2013.11.12"]
[SourceQuality "1"]

1. d4 Nf6 2. c4 e6 3. Nf3 d5 4. Nc3 c6 5. Bg5 h6 6. Bh4 dxc4 7. e4 g5 8. Bg3 b5 9. Be2 Bb7 10. h4 g4 11. Ne5 h5 12. 0-0 Nbd7 13. Qc2 Nxe5 14. Bxe5 Bg7 15. b3 cxb3 16. axb3 0-0 17. g3 Ne8 18. Bxg7 Nxg7 19. Rad1 e5 20. d5 cxd5 21. Nxd5 Ne6 22. Qc1 Nd4 23. Rxd4 exd4 24. Qh6 Bxd5 1/2-1/2

[Event "LSS BI-2010-P-00031"]
[Site "LSS email"]
[Date "2010.04.19"]
[Round "?"]
[White "Godat, Terry"]
[Black "Paetzold, Ortwin"]
[Result "1-0"]
[WhiteElo "2329"]
[BlackElo "1180"]
[PlyCount "51"]
[EventDate "2010.04.22"]
[EventType "tourn (corr)"]
[EventRounds "10"]
[EventCountry "GER"]
[SourceTitle "Telechess CBM 141"]
[Source "ChessBase"]
[SourceDate "2011.03.17"]
[SourceVersion "1"]
[SourceVersionDate "2011.03.17"]
[SourceQuality "1"]

1. d4 Nf6 2. c4 g6 3. Nc3 Bg7 4. e4 d6 5. Nf3 0-0 6. Be2 e5 7. 0-0 Nc6 8. d5 Ne7 9. Ne1 c6 10. Be3 a6 11. a4 cxd5 12. cxd5 Bd7 13. Qb3 Qb8 14. Nd3 Rc8 15. f3 a5 16. Rfc1 Nh5 17. Nb5 Bxb5 18. Qxb5 Re8 19. Ra3 Nf6 20. Rb3 Rc8 21. Rxc8+ Qxc8 22. Qxb7 Kf8 23. Qxc8+ Rxc8 24. Rb5 Ra8 25. Bd2 Ke8 26. Rxa5 1-0

[Event "LSS BI-2010-P-00031"]
[Site "LSS email"]
[Date "2010.04.19"]
[Round "?"]
[White "Paluch, Andrzej"]
[Black "Godat, Terry"]
[Result "0-1"]
[WhiteElo "1465"]
[BlackElo "2330"]
[PlyCount "72"]
[EventDate "2010.04.22"]
[EventType "tourn (corr)"]
[EventRounds "10"]
[EventCountry "GER"]
[SourceTitle "Telechess CBM 141"]
[Source "ChessBase"]
[SourceDate "2011.03.17"]
[SourceVersion "1"]
[SourceVersionDate "2011.03.17"]
[SourceQuality "1"]

1. d4 Nf6 2. Nf3 d5 3. c4 c6 4. Nc3 a6 5. e3 b5 6. b3 Bg4 7. h3 Bxf3 8. Qxf3 e5 9. c5 Nbd7 10. Bb2 g6 11. Qd1 Bg7 12. Be2 exd4 13. exd4 Nf8 14. b4 Ne6 15. 0-0 a5 16. a3 0-0 17. Bf3 axb4 18. axb4 Rxa1 19. Bxa1 Ne8 20. Ne2 Ng5 21. Nc1 Nc7 22. Nb3 Nce6 23. Re1 Qc7 24. Be2 Ne4 25. Na5 f5 26. Qd3 Bf6 27. Bf1 h5 28. Rb1 Re8 29. Bb2 Bh4 30. g3 Bf6 31. Ra1 h4 32. Ra3 hxg3 33. fxg3 f4 34. gxf4 Nxf4 35. Qd1 Bh4 36. Bc1 Bf2+ 0-1

[Event "LSS BI-2009-F-00002"]
[Site "LSS email"]
[Date "2010.02.15"]
[Round "?"]
[White "Perevozchikov, Viacheslav"]
[Black "Godat, Terry"]
[Result "1/2-1/2"]
[WhiteElo "1931"]
[BlackElo "2327"]
[PlyCount "40"]
[EventDate "2010.02.17"]
[EventType "tourn (corr)"]
[EventRounds "10"]
[EventCountry "GER"]
[SourceTitle "Corr 2013"]
[Source "ChessBase"]
[SourceDate "2012.11.12"]
[SourceVersion "1"]
[SourceVersionDate "2012.11.12"]
[SourceQuality "1"]

1. Nc3 e5 2. e4 Nf6 3. Nf3 Nc6 4. d4 exd4 5. Nd5 Be7 6. Bf4 d6 7. Nxd4 0-0 8. Nb5 Nxd5 9. exd5 Ne5 10. Be2 Ng6 11. Be3 Bg5 12. 0-0 Bxe3 13. fxe3 a6 14. Nc3 Re8 15. e4 Qg5 16. Qc1 Re5 17. Qxg5 Rxg5 18. Rf2 Bd7 19. Nb1 Re8 20. Nd2 f6 1/2-1/2

[Event "LSS BI-2009-F-00002"]
[Site "LSS email"]
[Date "2010.02.15"]
[Round "?"]
[White "Salzmann, Stefan"]
[Black "Godat, Terry"]
[Result "1/2-1/2"]
[WhiteElo "2138"]
[BlackElo "2331"]
[PlyCount "65"]
[EventDate "2010.02.17"]
[EventType "tourn (corr)"]
[EventRounds "10"]
[EventCountry "GER"]
[SourceTitle "Telechess CBM 141"]
[Source "ChessBase"]
[SourceDate "2011.03.17"]
[SourceVersion "1"]
[SourceVersionDate "2011.03.17"]
[SourceQuality "1"]

1. d4 Nf6 2. c4 e6 3. Nc3 Bb4 4. Qc2 d5 5. a3 Bxc3+ 6. Qxc3 Ne4 7. Qc2 c5 8. dxc5 Nc6 9. cxd5 exd5 10. Nf3 Bf5 11. b4 0-0 12. Bb2 Re8 13. Qb3 d4 14. Rd1 Qf6 15. Nxd4 Rad8 16. Nxc6 Rxd1+ 17. Kxd1 Qxc6 18. Ke1 Qd7 19. Bc1 Qd4 20. e3 Qf6 21. Qb2 Qh4 22. g3 Qh5 23. Bg2 Ng5 24. f4 Nf3+ 25. Kf2 Nxh2 26. Bxb7 Rd8 27. Qe2 Bg4 28. Qc4 Bf3 29. Rxh2 Qxh2+ 30. Kxf3 Qh1+ 31. Kf2 Qxb7 32. c6 Qc8 33. Kg2 1/2-1/2

[Event "LSS BI-2009-F-00002"]
[Site "LSS email"]
[Date "2010.02.15"]
[Round "?"]
[White "Simmelink, Joop Theo"]
[Black "Godat, Terry"]
[Result "1/2-1/2"]
[WhiteElo "2243"]
[BlackElo "2340"]
[PlyCount "95"]
[EventDate "2010.02.17"]
[EventType "tourn (corr)"]
[EventRounds "10"]
[EventCountry "GER"]
[SourceTitle "Corr 2013"]
[Source "ChessBase"]
[SourceDate "2012.11.12"]
[SourceVersion "1"]
[SourceVersionDate "2012.11.12"]
[SourceQuality "1"]

1. e4 e5 2. Nf3 Nc6 3. Bb5 a6 4. Ba4 Nf6 5. 0-0 Be7 6. Re1 b5 7. Bb3 0-0 8. c3 d5 9. exd5 Nxd5 10. Nxe5 Nxe5 11. Rxe5 c6 12. d4 Bd6 13. Re1 Qh4 14. g3 Qh3 15. Be3 Bg4 16. Qd3 Rae8 17. Nd2 Re6 18. a4 Qh5 19. axb5 axb5 20. Qf1 Rfe8 21. Bxd5 Qxd5 22. h3 Bh5 23. Qg2 Qxg2+ 24. Kxg2 f5 25. Nf3 f4 26. Ng5 R6e7 27. Bd2 Rxe1 28. Rxe1 Rxe1 29. Bxe1 fxg3 30. fxg3 Be7 31. Nf3 Bf7 32. Bd2 Bd5 33. Kf2 Kf7 34. Bf4 c5 35. dxc5 Bxc5+ 36. Be3 Bd6 37. g4 b4 38. Bd4 bxc3 39. Bxc3 Be7 40. b4 g6 41. b5 Ke6 42. Bd4 Kd7 43. Ke3 Kc8 44. Kf4 Bd6+ 45. Be5 Bxf3 46. Bxd6 Be2 47. b6 h5 48. g5 1/2-1/2

[Event "LSS ST-2009-0-00066"]
[Site "LSS email"]
[Date "2010.01.14"]
[Round "?"]
[White "Szczepanski, Zbigniew"]
[Black "Godat, Terry"]
[Result "1/2-1/2"]
[WhiteElo "2440"]
[BlackElo "2322"]
[PlyCount "49"]
[EventDate "2009.10.30"]
[EventType "tourn (corr)"]
[EventRounds "6"]
[EventCountry "GER"]
[SourceTitle "Corr 2013"]
[Source "ChessBase"]
[SourceDate "2012.11.12"]
[SourceVersion "1"]
[SourceVersionDate "2012.11.12"]
[SourceQuality "1"]
[WhiteTeam "US of America"]
[BlackTeam "US of America"]
[WhiteTeamCountry "USA"]
[BlackTeamCountry "USA"]

1. d4 d5 2. c4 c6 3. Nf3 Nf6 4. Nc3 e6 5. Bg5 h6 6. Bxf6 Qxf6 7. e3 Nd7 8. Bd3 dxc4 9. Bxc4 g6 10. 0-0 Bg7 11. Ne4 Qe7 12. Qc2 0-0 13. Bb3 e5 14. Ng3 Kh8 15. Rad1 Re8 16. Rfe1 e4 17. Nd2 f5 18. Ne2 Kh7 19. Rc1 Nf6 20. Nf4 g5 21. Ne2 Nd5 22. a3 Be6 23. Bc4 Kg8 24. Nb3 b6 25. Nd2 1/2-1/2

[Event "LSS ST-2009-0-00066"]
[Site "LSS email"]
[Date "2010.01.13"]
[Round "?"]
[White "Godat, Terry"]
[Black "Lubas, Jozef"]
[Result "1/2-1/2"]
[WhiteElo "2322"]
[BlackElo "2433"]
[PlyCount "36"]
[EventDate "2009.10.30"]
[EventType "tourn (corr)"]
[EventRounds "6"]
[EventCountry "GER"]
[SourceTitle "Corr 2013"]
[Source "ChessBase"]
[SourceDate "2012.11.12"]
[SourceVersion "1"]
[SourceVersionDate "2012.11.12"]
[SourceQuality "1"]
[WhiteTeam "US of America"]
[BlackTeam "US of America"]
[WhiteTeamCountry "USA"]
[BlackTeamCountry "USA"]

1. d4 d5 2. c4 e6 3. Nc3 Nf6 4. cxd5 exd5 5. Bg5 Be7 6. e3 0-0 7. Bd3 h6 8. Bh4 c5 9. Nge2 cxd4 10. Nxd4 Nc6 11. 0-0 Nxd4 12. exd4 Re8 13. Qb3 Be6 14. Bg3 Bd6 15. Qxb7 Bxg3 16. hxg3 Qd6 17. Nb5 Qb4 18. Qa6 Rab8 1/2-1/2

[Event "CP-2008-Q-00002"]
[Site "LSS email"]
[Date "2010.01.10"]
[Round "?"]
[White "Godat, Terry"]
[Black "Bernal Varela, Nelson"]
[Result "1-0"]
[WhiteElo "2345"]
[BlackElo "2242"]
[PlyCount "39"]
[EventDate "2010.01.15"]
[EventType "tourn (corr)"]
[EventRounds "6"]
[EventCountry "GER"]
[SourceTitle "Corr 2013"]
[Source "ChessBase"]
[SourceDate "2012.11.12"]
[SourceVersion "1"]
[SourceVersionDate "2012.11.12"]
[SourceQuality "1"]

1. d4 Nf6 2. c4 g6 3. Nc3 d5 4. Nf3 Bg7 5. cxd5 Nxd5 6. e4 Nxc3 7. bxc3 c5 8. Rb1 0-0 9. Be2 Nc6 10. d5 Bxc3+ 11. Bd2 Bxd2+ 12. Qxd2 Na5 13. h4 Bg4 14. h5 Bxf3 15. gxf3 e6 16. Qh6 Qe7 17. d6 Qd7 18. Bb5 Nc6 19. f4 Rae8 20. e5 1-0

[Event "CP-2008-Q-00002"]
[Site "LSS email"]
[Date "2010.01.10"]
[Round "?"]
[White "Nenciulescu, Silviu Catalin"]
[Black "Godat, Terry"]
[Result "1/2-1/2"]
[WhiteElo "1927"]
[BlackElo "2331"]
[PlyCount "48"]
[EventDate "2010.01.15"]
[EventType "tourn (corr)"]
[EventRounds "6"]
[EventCountry "GER"]
[SourceTitle "Corr 2013"]
[Source "ChessBase"]
[SourceDate "2012.11.12"]
[SourceVersion "1"]
[SourceVersionDate "2012.11.12"]
[SourceQuality "1"]

1. d4 Nf6 2. c4 e6 3. Nf3 b6 4. g3 Ba6 5. b3 Bb4+ 6. Bd2 Be7 7. Bg2 c6 8. Bc3 d5 9. Ne5 Nfd7 10. Nxd7 Nxd7 11. Nd2 0-0 12. 0-0 Rc8 13. Re1 f5 14. a4 Bd6 15. a5 b5 16. c5 Bb8 17. Nf3 Qe7 18. b4 Rce8 19. Ne5 Nxe5 20. dxe5 Bc8 21. e3 Bd7 22. f4 Rd8 23. Qe2 a6 24. Rad1 Be8 1/2-1/2

[Event "LSS ST-2009-0-00065"]
[Site "LSS email"]
[Date "2009.12.24"]
[Round "?"]
[White "Manso Gil, Angel Jeronimo"]
[Black "Godat, Terry"]
[Result "1/2-1/2"]
[WhiteElo "2476"]
[BlackElo "2347"]
[PlyCount "55"]
[EventDate "2009.10.13"]
[EventType "tourn (corr)"]
[EventRounds "6"]
[EventCountry "GER"]
[SourceTitle "Telechess CBM 137"]
[Source "ChessBase"]
[SourceDate "2010.07.15"]
[SourceVersion "1"]
[SourceVersionDate "2010.07.15"]
[SourceQuality "1"]

1. e4 e5 2. Nf3 Nc6 3. Bb5 a6 4. Ba4 Nf6 5. 0-0 Be7 6. Re1 b5 7. Bb3 0-0 8. c3 d5 9. exd5 Nxd5 10. Nxe5 Nxe5 11. Rxe5 c6 12. d4 Bd6 13. Re1 Qh4 14. g3 Qh3 15. Be3 Bg4 16. Qd3 Rae8 17. Nd2 Re6 18. a4 Qh5 19. axb5 axb5 20. Bxd5 Qxd5 21. c4 bxc4 22. Qxc4 Rb8 23. Ra6 Bf8 24. b3 Bh3 25. Qxd5 cxd5 26. Rxe6 Bxe6 27. Ra1 Rb7 28. Bf4 1/2-1/2

[Event "LSS ST-2009-0-00065"]
[Site "LSS email"]
[Date "2009.11.30"]
[Round "?"]
[White "Daurelle, Herve"]
[Black "Godat, Terry"]
[Result "1/2-1/2"]
[WhiteElo "2329"]
[BlackElo "2336"]
[PlyCount "99"]
[EventDate "2009.10.13"]
[EventType "tourn (corr)"]
[EventRounds "6"]
[EventCountry "GER"]
[SourceTitle "Telechess CBM 137"]
[Source "ChessBase"]
[SourceDate "2010.07.15"]
[SourceVersion "1"]
[SourceVersionDate "2010.07.15"]
[SourceQuality "1"]

1. e4 e5 2. Nf3 Nc6 3. Bb5 a6 4. Ba4 Nf6 5. 0-0 Be7 6. Re1 b5 7. Bb3 0-0 8. c3 d5 9. exd5 Nxd5 10. Nxe5 Nxe5 11. Rxe5 c6 12. d4 Bd6 13. Re1 Qh4 14. g3 Qh3 15. Be3 Bg4 16. Qd3 Rae8 17. Nd2 Qh5 18. a4 Re6 19. axb5 axb5 20. Qf1 Bh3 21. Bd1 Qf5 22. Qe2 c5 23. Nf3 Bf4 24. Qd2 Nxe3 25. fxe3 Bh6 26. Qf2 Rfe8 27. Bc2 Qh5 28. Ne5 f6 29. Bd1 Qg5 30. Nd3 Qxe3 31. Rxe3 Bxe3 32. Nf4 Bxf2+ 33. Kxf2 cxd4 34. Nxe6 Bxe6 35. cxd4 Kf7 36. Ra5 Rd8 37. Ke3 Re8 38. Bf3 Bd5+ 39. Kf2 Bc4 40. h4 Re7 41. b3 Bxb3 42. Rxb5 Bc4 43. Rb4 Ba2 44. g4 Be6 45. d5 Bd7 46. Rb7 Ba4 47. Rb6 Bd7 48. Bd1 Re5 49. Ra6 h6 50. Kf3 1/2-1/2